Trabajos de la VIII Reunión Internacional (Record no. 46725)

MARC details
000 -LEADER
campo de control de longitud fija 00745nam a2200193 i 4500
001 - NÚMERO DE CONTROL
campo de control 46725
003 - IDENTIFICADOR DE NÚMERO DE CONTROL
campo de control ES-MaACL
005 - FECHA Y HORA DE LA ÚLTIMA TRANSACCIÓN
campo de control 20230906161433.0
007 - CAMPO FIJO DE DESCRIPCIÓN FÍSICA--INFORMACIÓN GENERAL
campo de control de longitud fija t|
008 - DATOS DE LONGITUD FIJA--INFORMACIÓN GENERAL
campo de control de longitud fija 030331s1971 sp ||||1| spa d
111 2# - ENTRADA PRINCIPAL--NOMBRE DE CONGRESO/REUNIÓN
Nombre de congreso/reunión o jurisdicción como elemento de entrada Congreso Internacional de la Sociedad Farmacéutica del Mediterráneo Latino (
Fecha del congreso o de la firma del tratado 1968.
Sede del congreso/Lugar de la reunión Granada)
9 (RLIN) 443
245 10 - MENCIÓN DEL TÍTULO
Título Trabajos de la VIII Reunión Internacional
Resto del título : Congreso Internacional de la Sociedad farmaceutica del Mediterráneo Latino.
260 ## - PUBLICACIÓN, DISTRIBUCIÓN, ETC.
Lugar de publicación, distribución, etc. Granada :
Nombre del editor, distribuidor, etc. [s.n.,
Fecha de publicación, distribución, etc. 1971] (
Fabricante Gráf. del Sur)
300 ## - DESCRIPCIÓN FÍSICA
Extensión 752 p., 5 lám., 1 map. :
Otras características físicas il. ;
Dimensiones 21 cm.
490 1# - MENCIÓN DE SERIE
Mención de serie Pharmacia mediterránea ;
Designación de volumen o secuencia 7
830 0# - PUNTO DE ACCESO ADICIONAL DE SERIE-TÍTULO UNIFORME
Título uniforme Pharmacia mediterránea ;
Designación de volumen o secuencia 7
9 (RLIN) 229991
852 ## - LOCALIZACIÓN
Ubicación ES-MaACL
Número de control de estantería C-42640
Sublocalización o colección R.79868
Holdings
Estatus retirado Estado de pérdida Estado de daño No para préstamo Biblioteca de origen Biblioteca actual Ubicación en estantería Fecha de adquisición Fuente de adquisición Total de préstamos Signatura topográfica completa Código de barras Visto por última vez Precio de reemplazo Tipo de ítem Koha
        Biblioteca del Ateneo de Madrid Biblioteca del Ateneo de Madrid Depósito 2 17/01/2008     C-42640 1049144 23/02/2023 23/02/2023 Libro impreso